000 00778nam a2200289Ia 4500
005 20260324115807.0
008 008 260324s9999 xx 000 0 eng d
020 _a9780429225468
037 _aEBOOK
040 _aCRL
040 _beng
040 _cCRL
041 _2eng
041 _aeng
084 _qCRL
100 _aQianbing Zhang; Haibo Li; Jianchun Li; Jian Zhao
_91156036
245 0 _aRock Dynamics: From Research to Engineering
245 0 _bProceedings of the 2nd International Conference on Rock Dynamics and Applications
260 _bTaylor and Francis
260 _c2016
365 _a
365 _b465
856 _uhttp://www.taylorfrancis.com/books/9780429225468
942 _cEBOOK
999 _c1747163
_d1747163